| 000 | 00927nab a22002177a 4500 | ||
|---|---|---|---|
| 999 |
_c5880 _d5880 |
||
| 003 | OSt | ||
| 005 | 20260109022026.0 | ||
| 008 | 190514b xxu||||| |||| 00| 0 spa d | ||
| 040 | _cPJ | ||
| 100 |
_96764 _aGiovannetti, Patricia S. |
||
| 245 | 1 | 0 |
_aConvivientes y derecho sucesorio / _cPatricia S. Giovannetti. |
| 300 | _ap. 90-97 | ||
| 505 | _aSumario: I. Introducción.— II. Legislación actual.— III. Efectos de las uniones convivenciales con injerencia en el derecho sucesorio.— IV. La vocación hereditaria de los convivientes.— V. Conclusión. | ||
| 505 | _tSi te interesa el texto, comunicate a koha@justierradelfuego.gov.ar | ||
| 650 | 0 |
_9967 _aDERECHO DE FAMILIA |
|
| 650 | 0 |
_9968 _aALIMENTOS |
|
| 650 | 0 |
_9888 _aSUCESIONES |
|
| 650 | 0 |
_91053 _aUNIONES CONVIVENCIALES |
|
| 773 | 0 |
_02844 _93222 _dBuenos Aires : AbeledoPerrot, 1989- _tDerecho de familia. N° 121 - Septiembre 2025 _z18511201 |
|
| 942 |
_2udc _cANA |
||